The responsibility of intellectuals /

"As a nineteen-year-old undergraduate in 1947, Noam Chomsky was deeply affected by articles about the responsibility of intellectuals written by Dwight Macdonald, an editor of Partisan Review and then of Politics. Twenty years later, as the Vietnam War was escalating, Chomsky turned to the ques...

Full description

Saved in:
Bibliographic Details
Main Author: Chomsky, Noam, (Author)
Other Authors: Chomsky, Noam.
Format: Book
Language:English
Published: New York : The New Press, 2017.
Subjects:
Tags: Add Tag
No Tags, Be the first to tag this record!
LEADER 04190cam a2200505 i 4500
001 13006557
005 20180109091636.0
008 170824t20172017nyu b 000 0 eng
010 |a  2017023965 
024 |a 99974603757 
035 |a (OCoLC)ocn974700058 
040 |a DLC  |b eng  |e rda  |c DLC  |d BTCTA  |d YDX  |d BDX  |d OCLCO  |d OCLCF  |d TOH  |d BLP  |d ATCDL  |d BKL  |d YDX 
019 |a 974749956  |a 974958074  |a 975021340  |a 975125857  |a 975418767 
020 |a 9781620973431  |q hardcover  |q alkaline paper 
020 |a 162097343X  |q hardcover  |q alkaline paper 
035 |a (OCoLC)974700058  |z (OCoLC)974749956  |z (OCoLC)974958074  |z (OCoLC)975021340  |z (OCoLC)975125857  |z (OCoLC)975418767 
042 |a pcc 
043 |a n-us--- 
050 0 0 |a E169.12  |b .C4819 2017 
082 0 0 |a 973.91  |2 23 
100 1 |a Chomsky, Noam,  |e author. 
245 1 4 |a The responsibility of intellectuals /  |c Noam Chomsky. 
264 1 |a New York :  |b The New Press,  |c 2017. 
264 4 |c ©2017 
300 |a vii, 143 pages ;  |c 19 cm 
336 |a text  |b txt  |2 rdacontent 
337 |a unmediated  |b n  |2 rdamedia 
338 |a volume  |b nc  |2 rdacarrier 
500 |a Originally published as a special supplement by The New York Review of Books on the 23 February 1967. Includes second essay: The responsibility of intellectuals, redux. 
504 |a Includes bibliographical references (pages 125-142). 
505 0 |a The responsibility of intellectuals -- The responsibility of intellectuals, redux : using privilege to challenge the state. 
520 |a "As a nineteen-year-old undergraduate in 1947, Noam Chomsky was deeply affected by articles about the responsibility of intellectuals written by Dwight Macdonald, an editor of Partisan Review and then of Politics. Twenty years later, as the Vietnam War was escalating, Chomsky turned to the question himself, noting that "intellectuals are in a position to expose the lies of governments" and to analyze their "often hidden intentions." Originally published in the New York Review of Books, Chomsky's essay eviscerated the "hypocritical moralism of the past" (such as when Woodrow Wilson set out to teach Latin Americans "the art of good government") and exposed the shameful policies in Vietnam and the role of intellectuals in justifying it. Also included in this volume is the brilliant The Responsibility of Intellectuals Redux, written on the tenth anniversary of 9/11, which makes the case for using privilege to challenge the state. As relevant in 2017 as it was in 1967, The Responsibility of Intellectuals reminds us that "privilege yields opportunity and opportunity confers responsibilities." All of us have choices, even in desperate times."--Dust jacket. 
520 |a Chomsky is a rock star: Bono called him the "Elvis of academia." Recently featured by the NYT Education Life section (11/6/16), Chomsky is frequently in the news and has recently debunked critiques by the right-winger Tom Wolfe in The Kingdom of Speech (Little, Brown) and by the anthropologist Chris Knight in Decoding Chomsky (Yale). Profile: Chomsky has such a significant public profile that there is now Chomsky merch available, from mugs to T-shirts and luggage tags (!) to a ceramic garden gnome marketed as "Gnome Chomsky." He supported Bernie Sanders and predicted the rise of a candidate like Donald Trump long before Trump came on the scene. Still speaking out: Now 87, Chomsky continues to speak publicly and to publish books and opinion pieces. Asked how he accounts for his amazing energy levels, he credits the "bicycle theory" that "as long as you keep riding you don't fall. 
651 0 |a United States  |x Intellectual life  |y 20th century. 
651 0 |a United States  |x Intellectual life  |y 21st century. 
650 0 |a Intellectuals  |z United States. 
650 0 |a Political ethics  |z United States. 
650 7 |a Intellectual life.  |2 fast  |0 (OCoLC)fst00975769 
650 7 |a Intellectuals.  |2 fast  |0 (OCoLC)fst00975799 
650 7 |a Political ethics.  |2 fast  |0 (OCoLC)fst01069286 
651 7 |a United States.  |2 fast  |0 (OCoLC)fst01204155 
648 7 |a 1900-2099  |2 fast 
700 1 2 |a Chomsky, Noam.  |t Responsibility of intellectuals, redux. 
740 0 2 |a Responsibility of intellectuals, redux. 
852 |b glx